Cesta v kruhu. Setkání /
Příběh posádky vesmírné stanice na cestě k nově objevené planetě. Zatímco se všichni vzájemně poznávají, musí čelit nehodám a odhalit zdroj neznámého signálu.
Uloženo v:
| Série: | Cesta v kruhu,
část 1 |
|---|---|
| Hlavní autor: | |
| Médium: | E-kniha |
| Jazyk: | Czech |
| Vydáno: |
V Praze :
Pointa,
2025
|
| Vydání: | První vydání |
| Témata: | |
| Příbuzné jednotky: | Z cyklu::
Cesta v kruhu |
| Tagy: |
Žádné tagy |
| LEADER | 02205nam a2200421 i 4500 | ||
|---|---|---|---|
| 001 | 312652 | ||
| 003 | CZ PrSKC | ||
| 005 | 20260601215726.0 | ||
| 007 | ta | ||
| 008 | 250305s2025 xr g 000 f cze | ||
| 015 | |a cnb003673476 | ||
| 020 | |a 9788076916296 |q (brožováno) : |c Kč 399,00 | ||
| 035 | |a (OCoLC)1514346999 | ||
| 040 | |a ABG001 |b cze |e rda | ||
| 072 | 7 | |a 821.162.3-3 |x Česká próza |2 Konspekt | |
| 080 | |a 821.162.3-31 |2 MRF | ||
| 080 | |a (0:82-311.9) |2 MRF | ||
| 100 | 1 | |a Mencl, Ota, |d 1957- |7 xx0329849 |4 aut | |
| 245 | 1 | 0 | |a Cesta v kruhu. |p Setkání / |c Ota Mencl |
| 246 | 3 | 0 | |a Setkání |
| 250 | |a První vydání | ||
| 264 | 1 | |a V Praze : |b Pointa, |c 2025 | |
| 300 | |a 277 stran ; |c 21 cm | ||
| 336 | |a text |b txt |2 rdacontent | ||
| 337 | |a bez média |b n |2 rdamedia | ||
| 338 | |a svazek |b nc |2 rdacarrier | ||
| 520 | 2 | |a Příběh posádky vesmírné stanice na cestě k nově objevené planetě. Zatímco se všichni vzájemně poznávají, musí čelit nehodám a odhalit zdroj neznámého signálu. |b Vědecký pracovník Daniel žije pro svou práci. A tak když je objevena planeta Neptoran, která má vhodné podmínky pro život a nese známky civilizace, zkušený a odhodlaný Daniel získává funkci vrchního velitele mise. Kromě starostí s řízením vesmírného kolosu a početné posádky musí čelit i vlastním citům k Nicol - pilotce, které ani on není tak úplně lhostejný. Nakladatelská anotace. | |
| 655 | 7 | |a české romány |7 fd133974 |2 czenas | |
| 655 | 7 | |a vědecko-fantastické romány |7 fd133847 |2 czenas | |
| 655 | 9 | |a Czech fiction |2 eczenas | |
| 655 | 9 | |a science fiction novels |2 eczenas | |
| 787 | 0 | 8 | |i Z cyklu: |t Cesta v kruhu |g 1 |
| 900 | |a ABA001 |b 20 | ||
| 928 | 9 | |a Albatros Media - Pointa | |
| 044 | |a xr | ||
| 910 | |a RBIT002 | ||
| 998 | |d 417582 |a https://core.palmknihy.cz/api/books/417582/cover?ssftv1 |b https://core.palmknihy.cz/api/books/417582/cover/400?ssftv1 |c https://core.palmknihy.cz/api/books/417582/cover/50?ssftv1 |e 2029-05-02 |g 280 |i 9788076916296 |j https://core.palmknihy.cz/api/books/417582/preview.epub |k https://core.palmknihy.cz/api/books/417582/preview.pdf |l |q 49 |r 1 |s https://www.palmknihy.cz/kniha/417582 |t ebook |y 2025 |z 0 | ||
| 999 | |d 312650 | ||